000 00513nam a2200169Ia 4500
008 230917s9999||||xx |||||||||||||| ||und||
020 _cUSD103
040 _e241353
_aMAIN
041 _aEnglish
082 _a658.3 L976F
100 _aLussier, Robert N
245 0 _aFundamentals of human resource management: Functions, applications, skill development
260 _aLos Angeles
_bSage
_c2017
300 _axxi, 416 p.
500 _a2798 27/07/2017 PBA17/520 27/07/2017 IMSAR (Dev. & Research)
942 _cBK
999 _c23357
_d23357